000
00364nam a2200145Ia 4500
008
231129s1997||||xx |||||||||||||| ||spa||
020
_a
958-04-4241-X
040
_b
spa
082
_a
920.71 E35c
100
_a
Calaprice Alice
245
0
_a
Einstein entre comillas
260
_c
1997
264
_a
Norma
942
_2
ddc
_c
BKS
999
_c
10046
_d
10046